000 00304nam a22001337a 4500
008 181003b xxu||||| |||| 00| 0 eng d
020 _a9780521498029
041 _aeng
080 _a101
100 _a24
101 _aFIL
245 _aNatural Lsw and Moral Philosophy
_cHaakonssen,K
942 _2udc
_cBK
999 _c48800
_d48800